书目信息 |
| 题名: |
生态潜水流场的采煤扰动与优化调控
|
|
| 作者: | 夏玉成 , 代革联 著 | |
| 分册: | ||
| 出版信息: | 北京 科学出版社 2015 |
|
| 页数: | 186页 | |
| 开本: | 24cm | |
| 丛书名: | ||
| 单 册: | ||
| 中图分类: | TD823 , P641.8 | |
| 科图分类: | ||
| 主题词: | ||
| 电子资源: | ||
| ISBN: | 978-7-03-044694-7 | |
| 000 | 01076nam0 2200253 450 | |
| 001 | 914 | |
| 005 | 20180926155907.85 | |
| 010 | @a978-7-03-044694-7@dCNY70.00 | |
| 100 | @a20160111d2015 em y0chiy50 ea | |
| 101 | 0 | @achi |
| 102 | @aCN@b110000 | |
| 105 | @aa z 000yy | |
| 200 | 1 | @a生态潜水流场的采煤扰动与优化调控@9sheng tai qian shui liu chang de cai mei rao dong yu you hua tiao kong@b专著@f夏玉成,代革联等著 |
| 210 | @a北京@c科学出版社@d2015 | |
| 215 | @a186页@c图@d24cm | |
| 300 | @a国家国际科技合作专项项目(2012DEG71060)资助 国家自然科学基金项目(41272388)资助 | |
| 330 | @a本书比较系统深入地分析了陕北侏罗纪煤田在高产高效开采条件下煤层覆岩的移动破坏特征,揭示了具有区域供水意义和生态价值的第四纪潜水含水层受煤炭井工开采扰动后地下水流场的变动规律,提出了生态潜水流场的优化调控策略及减缓地下水流失灾害的关键技术参数。 | |
| 333 | @a矿产资源开采与生态环境保护领域相关人员 | |
| 690 | @aTD823@v5 | |
| 690 | @aP641.8@v5 | |
| 701 | 0 | @a夏玉成@9xia yu cheng@4著 |
| 701 | 0 | @a代革联@9dai ge lian@4著 |
| 801 | 0 | @aCN@b91MARC@c20160302 |
| 905 | @aMuseLib@dTD823@e46 | |
| 生态潜水流场的采煤扰动与优化调控/夏玉成,代革联等著.-北京:科学出版社,2015 |
| 186页:图;24cm |
| 国家国际科技合作专项项目(2012DEG71060)资助 国家自然科学基金项目(41272388)资助.-使用对象:矿产资源开采与生态环境保护领域相关人员 |
| ISBN 978-7-03-044694-7:CNY70.00 |
| 本书比较系统深入地分析了陕北侏罗纪煤田在高产高效开采条件下煤层覆岩的移动破坏特征,揭示了具有区域供水意义和生态价值的第四纪潜水含水层受煤炭井工开采扰动后地下水流场的变动规律,提出了生态潜水流场的优化调控策略及减缓地下水流失灾害的关键技术参数。 |
| ● |
| 相关链接 |
|
|
|
|
正题名:生态潜水流场的采煤扰动与优化调控
索取号:TD823/46
 
预约/预借
| 序号 | 登录号 | 条形码 | 馆藏地/架位号 | 状态 | 备注 |
| 1 | 1120289 | 211202893 | 第二样本阅览室/ [索取号:TD823/46] | 在馆 | |
| 2 | 1120290 | 211202900 | 第三借阅区/ [索取号:TD823/46] | 在馆 | |
| 3 | 1120291 | 211202919 | 第三借阅区/ [索取号:TD823/46] | 在馆 | |
| 4 | 1120292 | 211202928 | 第三借阅区/ [索取号:TD823/46] | 在馆 | |
| 5 | 1120293 | 211202937 | 密集书库-生命科学系/ [索取号:TD823/46] | 在馆 |